1587 1777 1650 1776 1058 1128 1720 1248 1020 1960 1580 1215 1359 1778 1039 1255 1168 1483 1758 1649 1290 1994 1196 1826 1892 1767 1665 1150 1862 1277 1922 1528 1563 1909 1269 1136 1334 1568 1372 1747 1177 1735 1495 1867 1815 1258 1675 1828 1797 1559 1293 1625 1827 1157 1586 1462 1417 1605 1083 1269 1615 1635 1314 1528 1199 1177 1783 1120 1995 1808 1181 1342 1467 1511 1419 1449 1309 1323 1547 1735 1938 1237 1715 1330 1635 1288 1407 1415 1578 1425 1707 1031 1958 1640 1206 1249 1287 1865 1845 BCNSPRNW ULIB Ver.6.0+V

เปลี่ยนเป็นภาษาไทย

Change to English
 แสดงรายละเอียดบรรณานุกรม
  กลับหน้าหลัก

Brief Record : Get Marc (ISO 2709) : E-mail record : QR code < ปิดหน้าต่าง
LEADER : 00000nam 2200000uu 4500
001    13399123075
003     ULIB
008    140109s2551||||th 000 0 tha d
060  4 ^aWY18.2 ส845อ
100    ^aสุรีย์ ธรรมิกบวร.
245    ^a วิชาการพยาบาลเด็กและวัยรุ่น/สุรีย์ ธรรมิกบวร และคนอื่นๆ.
246    ^aเอกสารประกอบการทบทวนความรู้ วิชาการพยาบาลเด็กและวัยรุ่น
250    ^aฉบับถ่ายสำเนา
260    ^aเครือข่ายวิทยาลัยสังกัด สบช. ภาคตะวันออกเฉียงเหนือ^c2551
300    ^a166 หน้า.^bฉบับถ่ายสำเนา
650  7 ^aการพยาบาลเด็ก
650  7 การพยาบาลวัยรุ่น
945    ^p0^l0^i034275
945    ^p0^l0^i034276
945    ^p0^l0^i034277
945    ^p0^l0^i034278
945    ^p0^l0^i034279
945    ^p0^l0^i034280
945    ^p0^l0^i034281
945    ^p0^l0^i034282
945    ^p0^l0^i034283
945    ^p0^l0^i034284
999    ^aเกษร โพธิ์สุวรรณ
รายการนี้ยังไม่มีแท็ก
คุณยังไม่ได้ล็อกอิน คุณสามารถมีกิจกรรมร่วมกับเว็บไซต์ได้ แต่ต้องล็อกอินก่อน ::
  ล็อกอิน

รายการสื่อสารสนเทศ

ลำดับที่ ประเภท เลขเรียก/บาร์โค้ด สถานที่ สถานะ
1. Book การพยาบาล
หนังสือสำรอง
สถานะ=หนังสือสำรอง
WY18.2 ส845อ ฉ.1 
  Barcode: 034275
ห้องสมุดวิทยาเขตสวรรค์ประชารักษ์
►หนังสือทั่วไป
บนชั้น
2. Book การพยาบาล
Book การพยาบาล
WY18.2 ส845อ ฉ.10 
  Barcode: 034284
ห้องสมุดวิทยาเขตสวรรค์ประชารักษ์
►หนังสือทั่วไป
บนชั้น
3. Book การพยาบาล
Book การพยาบาล
WY18.2 ส845อ ฉ.2 
  Barcode: 034276
ห้องสมุดวิทยาเขตสวรรค์ประชารักษ์
►หนังสือทั่วไป
บนชั้น
4. Book การพยาบาล
Book การพยาบาล
WY18.2 ส845อ ฉ.3 
  Barcode: 034277
ห้องสมุดวิทยาเขตสวรรค์ประชารักษ์
►หนังสือทั่วไป
บนชั้น
5. Book การพยาบาล
Book การพยาบาล
WY18.2 ส845อ ฉ.4 
  Barcode: 034278
ห้องสมุดวิทยาเขตสวรรค์ประชารักษ์
►หนังสือทั่วไป
บนชั้น
6. Book การพยาบาล
Book การพยาบาล
WY18.2 ส845อ ฉ.5 
  Barcode: 034279
ห้องสมุดวิทยาเขตสวรรค์ประชารักษ์
►หนังสือทั่วไป
บนชั้น
7. Book การพยาบาล
Book การพยาบาล
WY18.2 ส845อ ฉ.6 
  Barcode: 034280
ห้องสมุดวิทยาเขตสวรรค์ประชารักษ์
►หนังสือทั่วไป
บนชั้น
8. Book การพยาบาล
Book การพยาบาล
WY18.2 ส845อ ฉ.7 
  Barcode: 034281
ห้องสมุดวิทยาเขตสวรรค์ประชารักษ์
►หนังสือทั่วไป
บนชั้น
9. Book การพยาบาล
Book การพยาบาล
WY18.2 ส845อ ฉ.8 
  Barcode: 034282
ห้องสมุดวิทยาเขตสวรรค์ประชารักษ์
►หนังสือทั่วไป
บนชั้น
10. Book การพยาบาล
Book การพยาบาล
WY18.2 ส845อ ฉ.9 
  Barcode: 034283
ห้องสมุดวิทยาเขตสวรรค์ประชารักษ์
►หนังสือทั่วไป
บนชั้น

รายการใกล้เคียง
    ผู้แต่ง [สุรีย์ ธรรมิกบวร.]

    หัวเรื่อง [การพยาบาลเด็ก]
    หัวเรื่อง [การพยาบาลวัยรุ่น]

BibComment


ยังไม่เคยถูกคอมเมนท์

คอมเมนท์ทรัพยากรรายการนี้
  คอมเมนท์: วิชาการพยาบาลเด..


 Copyright 2026. Bcnsprnw @Library